Click-A-Cruise Quiz Stats

 Plays Quiz Updated Jun 10, 2018

Also try: Click-A-Carrey
Challenge
Share
Tweet
Score 0/20 Timer 05:00
16 Plays Today
% Correct
Maverick
96.6%
Nathan Algren
94.7%
Jerry Maguire
94.1%
Lt. Daniel Kaffee
94%
Brian Flanagan
92.3%
Joel Goodson
90.9%
Lestat
90.8%
Col. Claus von
Stauffenberg
89.7%
Ron Kovic
86.7%
Maj. William Cage
86.3%
% Correct
Cole Trickle
86.3%
John Anderton
85.8%
Les Grossman
81.2%
Ethan Hunt
81%
William Harford
80.7%
Vincent
80.4%
Stacee Jaxx
79.6%
Stefen Djordjevic
75.8%
Frank T.J. Mackey
71.3%
Jack
69.5%

You're not logged in!

Compare scores with friends on all Sporcle quizzes.
Join for Free
OR
Log In

You Might Also Like...

Show Comments

Extras

Top Quizzes Today


Score Distribution

Your Account Isn't Verified!

In order to create a playlist on Sporcle, you need to verify the email address you used during registration. Go to your Sporcle Settings to finish the process.

Report this User

Report this user for behavior that violates our Community Guidelines.

Details: